000 00280 a2200133 4500
001 194925
040 _cMagnum
100 _aMacedo, Joaquim Manuel de
240 1 0 _aLuneta mágica
_lpor
245 1 0 _aLuneta mágica
300 _a197
697 _aLITERATURA GERAL
942 _cBK
999 _c194925
_d194925